Quizzes
Events
Quiz Creation
Community
Videos
Private Events
Remove Ads
Sign In
Join for FREE
Feedback
Dark Mode
Quiz Categories
Sports
Geography
Music
Movies
Television
Just For Fun
Miscellaneous
History
Literature
Language
Science
Gaming
Entertainment
Religion
Holiday
For Kids
Quiz Lab
Recent
Popular Today
Quiz Kudos Today
Editor Picks
Curator Picks
Quizzes by...
Day
Popularity
Type
Ratings
Length
Year
Community
Subscriptions
Recent Discussions
Orange Saloon
Badges
Playlists
Quests
Create
Leaderboards
Showdown
Live 5
Trivia Bingo
Activity
Puzzle Library
Sporcle Events
Private Events
Virtual Trivia
Globe League
Become a Host
Pub Owners
SporcleCon
Opinionation
Our Games
Videos
Blog
Mobile Apps
Partnerships
Remove Ads and Go Orange
Feedback
Just For Fun
Clickable
Get the Picture
Humor
Quick Pick
Word Ladder
Missing Word
Mixed Word
Blitz
Minefield
This or That
Alphabet
Color
Typing
Sporcle
Puzzle
Word Play
Follow That Line
Logic
Just For Fun
Clickable
Get the Picture
Humor
Quick Pick
Word Ladder
Missing Word
Mixed Word
Blitz
Minefield
This or That
Alphabet
Color
Typing
Sporcle
Puzzle
Word Play
Follow That Line
Logic
Random Quiz
Search Sporcle
×
Quiz Lab
Quiz Lab
Just For Fun
Missing Word
Type in answers that appear in a list
Type in answers that appear in a list
Classic
Best Score? Go Orange.
Missing Word: Druhutch Stats
Can you name the missing words from these published quizzes created by druhutch?
By
12bball
3m
20 Questions
19 Plays
19 Plays
19 Plays
Comments
Comments
Give Quiz Kudos
Give Quiz Kudos
-
- Ratings
hide this ad
Random Order
Randomize order of answers
Randomize order of answers
Replay
Link that replays current quiz
Next Quiz
Link to next quiz in quiz playlist
You Got
0%
They Got
Avg Score
36%
Avg Friend Score
Upgrade to see
Score Distribution
Jump to the score distribution portion of the page
Score
0/20
Timer
03:00
0
Plays Today
Quiz
Missing Word
% Correct
Movie Character Slot _
_
_
_
_
_
_
Machine
73.7%
_
_
_
_
_
_
That Line: The Simpsons
Follow
63.2%
Word _
_
_
_
_
_
Pyramid
Ladder
52.6%
_
_
_
_
the Pairs
Find
47.4%
Nicolas Cage Films by _
_
_
_
_
_
_
_
Thrashing
Critical
47.4%
_
_
_
_
_
_
Egg Scramble
Easter
42.1%
The _
_
_
_
_
Sporcle Mystery
Great
42.1%
Clickable Flashcards: _
_
_
_
_
_
_
Verbs
Spanish
36.8%
Sporcle _
_
_
_
_
Pyramid
Movie
31.6%
_
_
_
_
_
_
_
Heat: Movies
Packing
31.6%
Quiz
Missing Word
% Correct
_
_
_
_
of the Week
Days
31.6%
'A' _
_
_
_
_
_
_
_
_
_
_
_
Images
Entertainment
31.6%
Sporcle Trivia _
_
_
_
_
_
_
Pyramid
26.3%
State Capital _
_
_
_
_
Zone
Danger
26.3%
U.S. Presidents _
_
_
_
_
_
_
_
_
Minefield
26.3%
Shakespeare or _
_
_
_
_
_
?
Batman
26.3%
_
_
_
_
_
_
_
_
US States and Capitals
Abridged
21.1%
Succinct _
_
_
_
_
_
_
_
_
of the Silver Screen
Summaries
21.1%
South Park _
_
_
_
_
_
_
_
_
_
_
_
Celebrities
21.1%
The Sporcle TV _
_
_
_
_
_
_
Mystery
21.1%
Quiz Playlist
Details
Report
Send in Message
Add To Playlist
Classic:
Type in answers that appear in a list
Random Order:
Randomize order of answers
Quiz Source
Last Updated: Feb 16, 2017
Quiz Scoreboard
CHALLENGE
Sign Up to Join the Scoreboard
Show All
Scores
Hide
Comments
May contain spoilers
Recently Published
NBA Finals Game Top Scorers (2010s)
by flibbidy
Sports
5m
Guess the 'R' Things in 3 Words
by MSUKent
Miscellaneous
3m
Actor to Badly Drawn Movie III
by MoMosMoProblems
Movies
5m
More to Explore
Quiz From the Vault
Featured Blog Post
Where Does Lost Luggage Go?
hide this ad
You Might Also Like...
Tags
Letter Quiz
Missing Word Quiz
Published
Today's Top Quizzes in Just For Fun
Browse Just For Fun
hide this ad
Today's Top Quizzes in Missing Word
Browse Missing Word
Top Contributed Quizzes in Just For Fun
1
CrossWordLadder XXIII
2
Erkennst du die Lieblingsgerichte der watsons?
3
Quick Pick: Famous Davids
4
Sporcle Events Newsletter Bonus Questions 3/18/24
5
Guess Who in 3 Images
6
CrossWordLadder XXIV
7
CrossWordLadder XLIII
8
Trees Logic Puzzle 616
9
CrossWordLadder XXV
10
Order the Mini Maze II
Explore More
Trending Topics
Harry Potter
Marvel
NBA
Kpop
Anime
Disney
Crossword
Pokémon
Soccer
NFL
Puzzle
Song
Country
WWE
The Office
hide this ad
More By:
12bball
Quiz
Plays
Rating
Category
Featured
Created
Harry Potter Bunker
6,420,226
4.07
Literature
Jun 15, 2011
Complete the Disney Movie Title
876,712
4.34
Movies
May 1, 2012
Harry Potter Bunker III
380,087
4.16
Literature
Dec 24, 2011
Lord of the Rings Top 20 Minefield
334,176
3.57
Literature
Jul 20, 2012
Rhymes with 'Art'
273,488
4.35
Language
Dec 21, 2011
Go to Creator's Profile
Score Distribution
Quiz Creator Spotlight
12bball
Follow
Send a Message
Quizzes Created
-
Created Quiz Play Count
-
More By This Creator
Popular Quizzes Today
1
Find the US States - No Outlines Minefield
2
Find the US States
3
The Countries of the World
4
10 Largest US States in Order
5
Find the Countries of Europe - No Outlines Minefield
6
US States
7
Guess the 'R' Things in 3 Words
8
NBA Finals Game Top Scorers (2010s)
More Just For Fun Quizzes
Missing Word: New York Yankees A-Z
Published
Trending Quizzes
First Name TV: Leading Men
Match the Book to the Film II
3-Word Movies in 1 Word II
First Name TV: Leading Women Drama
Match the Book to the Film VI
Recently Updated
Women's Final Four Teams by Year
bhenderson79
Presidents Quartet II
eogle
Anything But Clue(do)
eogle
Anything But Oceanian Capitals
eogle
Anything But 7
eogle
Anything But Thing
eogle
Word Ladder: February 29
pecheneg
Song Title Questions
pecheneg
Women's NCAA Tournament #1 Seeds
pecheneg
Celebrity Mug Shots
pecheneg
Trending Topics
Anime
Crossword
Disney
Harry Potter
Kpop
Marvel
NBA
NFL
WWE
Pokémon
Puzzle
Country
Soccer
Song
The Office
Your Account Isn't Verified!
In order to create a playlist on Sporcle, you need to verify the email address you used during registration. Go to your
Sporcle Settings
to finish the process.
Report this User
Report this user for behavior that violates our
Community Guidelines
.
Details:
Send Report
Go to the Sporcle.com Mobile Site →
Comments